000 00469pab a2200157 454500
008 180718b2005 xxu||||| |||| 00| 0 eng d
100 _aPrasad, Archana
245 _aTribal rights: are we missing a historic opportunity? an evaluation of the Scheduled tribes (Recognition of Forest Rights) Bill, 2005
260 _c2005
300 _ap.3-13.
362 _aOct-Dec
650 _aScheduled tribes
650 _aTribes
773 _aAlpjan Quarterly
909 _a69115
999 _c69115
_d69115